Exam ref 70-774 : (Record no. 18691)
[ view plain ]
| 000 -LEADER | |
|---|---|
| fixed length control field | 01509cam a2200385 i 4500 |
| 005 - DATE AND TIME OF LATEST TRANSACTION | |
| control field | 20230609112655.0 |
| 008 - FIXED-LENGTH DATA ELEMENTS--GENERAL INFORMATION | |
| fixed length control field | 171208s2018 njua 001 0 eng |
| 010 ## - LIBRARY OF CONGRESS CONTROL NUMBER | |
| LC control number | 2017963300 |
| 020 ## - INTERNATIONAL STANDARD BOOK NUMBER | |
| ISBN | 9781509307012 |
| 020 ## - INTERNATIONAL STANDARD BOOK NUMBER | |
| ISBN | 150930701X |
| 040 ## - CATALOGING SOURCE | |
| Original cataloging agency | DLC |
| Language of cataloging | eng |
| Description conventions | rda |
| Transcribing agency | DLC |
| 042 ## - AUTHENTICATION CODE | |
| Authentication code | pcc |
| 082 04 - DEWEY DECIMAL CLASSIFICATION NUMBER | |
| Classification number | 005.133 |
| Edition number | 23 |
| Item number | GRA-E |
| 100 1# - MAIN ENTRY--AUTHOR | |
| Author Name | Grant, Ginger, |
| 245 10 - TITLE STATEMENT | |
| Title | Exam ref 70-774 : |
| Remainder of title | perform cloud data science with Azure machine learning / |
| Statement of responsibility, etc. | Ginger Grant, Julio Granados, Guillermo Fernández, Pau Sempere, Javier Torrenteas, Paco González, Tamanaco Francísquez. |
| 260 ## - PUBLICATION, DISTRIBUTION, ETC. | |
| Place of Publication | India |
| Name of publisher, distributor, etc. | Pearson |
| Date of publication, distribution, etc. | c2018 |
| 300 ## - PHYSICAL DESCRIPTION | |
| Pages | xv, 306 pages : |
| 336 ## - CONTENT TYPE | |
| Content type term | text |
| Content type code | txt |
| Source | rdacontent |
| 337 ## - MEDIA TYPE | |
| Media type term | unmediated |
| Media type code | n |
| Source | rdamedia |
| 338 ## - CARRIER TYPE | |
| Carrier type term | volume |
| Carrier type code | nc |
| Source | rdacarrier |
| 500 ## - GENERAL NOTE | |
| General note | Includes index. |
| 650 #0 - SUBJECT ADDED ENTRY--TOPICAL TERM | |
| Subject / Department | Machine learning |
| General subdivision | Examinations |
| Form subdivision | Study guides. |
| 650 #0 - SUBJECT ADDED ENTRY--TOPICAL TERM | |
| Subject / Department | Cloud computing |
| General subdivision | Examinations |
| Form subdivision | Study guides. |
| 650 #0 - SUBJECT ADDED ENTRY--TOPICAL TERM | |
| Subject / Department | Electronic data processing personnel |
| General subdivision | Certification |
| Form subdivision | Study guides. |
| 700 1# - ADDED ENTRY--PERSONAL NAME | |
| Personal name | Granados, Julio, |
| 700 1# - ADDED ENTRY--PERSONAL NAME | |
| Personal name | Fernández, Guillermo |
| Titles and other words associated with a name | (Data platform specialist), |
| 700 1# - ADDED ENTRY--PERSONAL NAME | |
| Personal name | Sempere, Pau, |
| 700 1# - ADDED ENTRY--PERSONAL NAME | |
| Personal name | Torrenteas, Javier, |
| 700 1# - ADDED ENTRY--PERSONAL NAME | |
| Personal name | González, Paco, |
| 700 1# - ADDED ENTRY--PERSONAL NAME | |
| Personal name | Francísquez, Tamanaco, |
| 264 #1 - PRODUCTION, PUBLICATION, DISTRIBUTION, MANUFACTURE, AND COPYRIGHT NOTICE | |
| Place of production, publication, distribution, manufacture | [Hoboken, NJ] : |
| Name of producer, publisher, distributor, manufacturer | Pearson Education, Inc., |
| Date of production, publication, distribution, manufacture, or copyright notice | [2018] |
| 300 ## - PHYSICAL DESCRIPTION | |
| -- | illustrations ; |
| -- | 23 cm |
| 906 ## - LOCAL DATA ELEMENT F, LDF (RLIN) | |
| a | 7 |
| b | cbc |
| c | orignew |
| d | 2 |
| e | epcn |
| f | 20 |
| g | y-gencatlg |
| 952 ## - LOCATION AND ITEM INFORMATION (KOHA) | |
| -- | 0 |
| -- | 0 |
| Lost status | Damaged status | Collection code | Permanent Location | Current Location | Shelving Location | Date acquired | Full Call Number | Accession No./Barcode | Date last seen | item type | Koha item type |
|---|---|---|---|---|---|---|---|---|---|---|---|
| CS/IT | Superior Information Resource Center (SIRC) Superior University- Gold Campus | Superior Information Resource Center (SIRC) Superior University- Gold Campus | Cloud Computing | 06/09/2023 | 005.133 GRA-E 2018 | 19291 | 08/12/2023 | BOOK | BOOK |
